Konjunkturálne štúdie a rozvojové projekty

Enregistré dans:
Détails bibliographiques
Auteur principal: Bacová, Viera
Collectivité auteur: Ekonomická univerzita v Bratislave. Národohospodárska fakulta
Autres auteurs: Morvay, Karol, 1973-, Holková, Vieroslava
Format: Livre
Langue:slovaque
Publié: Bratislava Vydavateľstvo EKONÓM 2000
Sujets:
Tags: Ajouter un tag
Pas de tags, Soyez le premier à ajouter un tag!

MARC

LEADER 00000nam a2200000 4500
001 c117285
005 20221123133001.0
020 |a 80-225-1201-X 
041 0 |a slo 
044 |a SK 
245 1 0 |a Konjunkturálne štúdie a rozvojové projekty  |c Viera Bacová a kolektív 
264 1 |a Bratislava  |b Vydavateľstvo EKONÓM  |c 2000 
300 |a 167 s. 
610 2 0 |a konjunktúra 
610 2 0 |a konjunktúra hospodárska 
610 2 0 |a investície 
610 2 0 |a rozvoj vedeckotechnický 
610 2 0 |a politika hospodárska 
610 2 0 |a politika cenová 
610 2 0 |a prognózy hospodárske 
610 2 0 |a prognózovanie 
610 2 0 |a cykly hospodárske 
610 2 0 |a indexy cenové 
610 2 0 |a index Moodyho 
610 2 0 |a plán podnikateľský 
610 2 0 |a cash flow 
610 2 0 |a reštrukturalizácia 
100 1 |a Bacová, Viera 
700 1 |a Morvay, Karol, 1973- 
700 1 |a Holková, Vieroslava 
710 2 |a Ekonomická univerzita v Bratislave. Národohospodárska fakulta